[Event "IV Geller Memorial"]
[Site "Odessa UKR"]
[Date "2008.09.15"]
[Round "7"]
[White "Romcovici,V"]
[Black "Loy,K"]
[Result "0-1"]
[WhiteElo "2222"]
[BlackElo "2104"]

1.d4 Nf6 2.Bg5 Ne4 3.Bf4 c5 4.f3 Qa5+ 5.c3 Nf6 6.d5 d6 7.e4 e6 8.dxe6 Bxe6
9.Bxd6 Bxd6 10.Qxd6 Nc6 11.Na3 Rd8 12.Qf4 O-O 13.Nh3 Qb6 14.b3 Qa5 15.Qc1 Bxh3
16.gxh3 Ne5 17.Nc4 Nxc4 18.Bxc4 b5 19.Be2 b4 20.c4 Qc7 21.Qg5 h6 22.Qg3 Qe7
23.Qf4 Nh5 24.Qe3 Qe5 25.O-O Nf4 26.Kh1 Rd6 27.h4 Rfd8 28.Rad1 f6 29.Rxd6 Qxd6
30.Ra1 Qd2 31.Qxd2 Rxd2 32.Bf1 a5 33.a3 Rb2 34.axb4 axb4 35.Ra5 Ne6 36.Kg1 Nd4
37.Bg2 Nxb3 38.Ra8+ Kf7 39.f4 Nd4 40.Ra7+ Kg8 41.Kf1 Ne2 42.f5 Nf4 43.Bf3 Rxh2
44.h5 b3 45.Rb7 b2 46.e5 fxe5 47.Be4 Rd2 48.f6 gxf6 49.Rb8+ Kf7 50.Rb7+ Ke6
51.Rb6+ Kd7 52.Rb7+ Kc8 53.Rb5 Nd3 54.Bxd3 Rxd3 55.Rxb2 Rd4 56.Rb6 Rxc4 57.Ke2 Rf4
58.Rc6+ Kd7 59.Rxc5 Ke6 60.Ra5 Rh4 61.Ra6+ Kf5 62.Kf3 Rh3+ 63.Kg2 Rxh5 64.Kg3 Rg5+
65.Kf3 Rg8 66.Ra7 Rh8 67.Ra4 h5 68.Kg3 h4+ 69.Kh3 e4 70.Ra1 Ke5 71.Kg2 h3+
72.Kh1 f5 73.Kh2 f4 74.Ra5+ Kd4 75.Ra4+ Ke3 76.Ra3+ Ke2 77.Ra2+ Kf3  0-1

[Event "IV Geller Memorial"]
[Site "Odessa UKR"]
[Date "2008.09.15"]
[Round "7"]
[White "Fingerov,D"]
[Black "Stets,D"]
[Result "1-0"]
[WhiteElo "2365"]
[BlackElo "2420"]

1.d4 Nf6 2.Bg5 Ne4 3.Bf4 c5 4.c3 cxd4 5.Qxd4 d5 6.Bxb8 Rxb8 7.Qxa7 Bd7 8.Qd4 e6
9.e3 Qh4 10.g3 Qh6 11.Nf3 Bc5 12.Qd3 O-O 13.Bg2 Nd6 14.a4 Ra8 15.Qc2 Bb5
16.Bf1 Bxf1 17.Kxf1 Qh3+ 18.Kg1 h6 19.Nbd2 Nc4 20.Nxc4 dxc4 21.Qe4 b5 22.a5 Rfd8
23.Nd4 Rd5 24.Qg2 Qh5 25.Qf3 Qxf3 26.Nxf3 Bb6 27.a6 Kf8 28.Kg2 Ke7 29.b3 cxb3
30.Rhb1 Kd6 31.Rxb3 Kc7 32.e4 Rd3 33.Raa3 Bc5 34.Ra5 Bb6 35.Raxb5 Rxa6 36.Ne5 Rd1
37.Nc4 Ba7 38.Rb7+ Kc6 39.Ne5+ Kd6 40.R3b5  1-0

[Event "Open"]
[Site "Yuzhny UKR"]
[Date "2008.09.22"]
[Round "4"]
[White "Fingerov,D"]
[Black "Solodovnichenko,Y"]
[Result "0-1"]
[WhiteElo "2365"]
[BlackElo "2541"]

1.d4 Nf6 2.Bg5 Ne4 3.Bf4 c5 4.dxc5 Na6 5.Nd2 Naxc5 6.Ngf3 Qb6 7.Nxe4 Nxe4
8.Qd4 Qxd4 9.Nxd4 a6 10.g3 b5 11.Nb3 e6 12.Bg2 Bb7 13.f3 Nf6 14.Na5 Bb4+
15.Bd2 Bxd2+ 16.Kxd2 Rb8 17.Rhc1 Ke7 18.a4 Rhc8 19.Bf1 Ba8 20.Nb3 Bd5 21.Na5 e5
22.b3 g5 23.h3 h5 24.g4 hxg4 25.hxg4 Be6 26.axb5 axb5 27.c4 b4 28.c5 Rc7
29.e4 Rbc8 30.c6 dxc6 31.Ba6 Rd8+ 32.Ke3 c5 33.Nb7 Rdc8 34.Nxc5 Rxc5 35.Bxc8 Rxc8
36.Rxc8 Bxc8 37.Ra4 Be6 38.Rxb4 Nd7 39.Rb5 Kd6 40.b4 Bc4 41.Ra5 Kc6 42.Ra8 Kb5
43.Rg8 f6 44.Rd8 Be6 45.Re8 Bb3 46.Rd8 Kc6 47.Rc8+ Kb7 48.Rd8 Kc7 49.Ra8 Bc4
50.Rh8 Bb5 51.Rh1 Kd6 52.Rc1 Nb8 53.Rd1+ Kc7 54.Rh1 Nd7 55.Rc1+ Kb7 56.Rh1 Kb6
57.Rd1 Bc6 58.Kf2 Kc7 59.Rc1 Kd6 60.Rd1+ Ke6 61.Rc1 Kd6 62.Rd1+ Ke7 63.Rc1 Bb5
64.Ra1 Kd6 65.Rd1+ Kc6 66.Rc1+ Kb6 67.Rd1 Ba4 68.Rd6+ Kc7 69.Ra6 Bc6 70.Ra1 Nf8
71.Rh1 Kb6 72.Rd1 Kc7 73.Rc1 Kd6 74.Rd1+ Ke7 75.Rc1 Bd7 76.Rh1 Bb5 77.Ra1 Ne6
78.Ra7+ Ke8 79.Ra8+ Kd7 80.Ra7+ Nc7 81.Ra5 Kc6 82.Ra1 Kb6 83.Rd1 Bc6 84.Kg3 Ne8
85.Rd8 Kb5 86.Rb8+ Ka4 87.Kf2 Bb5 88.Ke3 Kxb4 89.Rc8 Bd7 90.Rd8 Bc6 91.Rc8 Kc5
92.Rd8 Kb6 93.Rd1 Kc7 94.Rh1 Kd6 95.Rd1+ Ke7 96.Rc1 Bd7 97.Rh1 Nd6 98.Rc1 Nb5
99.Rc2 Ke6 100.Rb2 Bc6 101.Ra2 Nd4 102.Ra6 Kf7 103.Ra7+ Kg6 104.Ra2 Bb5 105.Rb2 Kf7
106.Ra2 Ke6 107.Rb2 Kd6 108.Rd2 Ba4 109.Kf2 Bc2 110.Ke3 Kc5 111.Kf2 Kc4 112.Ke3 Bb3
113.Rh2 Bd1 114.Rh6 Bxf3 115.Rxf6 Bxg4 116.Rg6 Ne6 117.Kf2 Nf4 118.Rg8 Be6
119.Rd8 g4 120.Kg3 Ne2+ 121.Kf2 Nd4 122.Ke3 Kc5 123.Kf2 Kc6 124.Kg3 Kc7 125.Ra8 Kd6
126.Rb8 Ke7 127.Rb2 Kf6 128.Rb7 Nb3 129.Rb5 Nd2 130.Rb4 Kg5 131.Ra4 Bc4 132.Kf2 Nxe4+
133.Ke3 Bd5 134.Ra5 Nf6  0-1

[Event "Zvenigorodskaya Open A"]
[Site "Zvenigorod RUS"]
[Date "2008.09.25"]
[Round "1"]
[White "Korobkov,P"]
[Black "Turutin,A"]
[Result "1-0"]
[WhiteElo "2516"]
[BlackElo "2321"]

1.d4 Nf6 2.Bg5 Ne4 3.Bf4 c5 4.f3 Qa5+ 5.c3 Nf6 6.Nd2 cxd4 7.Nb3 Qb6 8.Qxd4 Nc6
9.Qxb6 axb6 10.Nd4 Ra5 11.b4 Nxd4 12.cxd4 Ra8 13.e4 e6 14.Bd2 Be7 15.Bb5 O-O
16.Ne2 d6 17.Kf2 Bd7 18.Bxd7 Nxd7 19.Rhc1 Rfc8 20.a4 Kf8 21.Nc3 Nf6 22.Nb5 d5
23.e5 Nd7 24.Nc7 Rab8 25.f4 Bd8 26.Nb5 Be7 27.g4 Ke8 28.f5 Kd8 29.Ke2 Rxc1
30.Rxc1 Rc8 31.Rf1 Ke8 32.Kd3 Nb8 33.f6 gxf6 34.exf6 Bf8 35.Rf3 Nc6 36.Rh3 Nxb4+
37.Bxb4 Bxb4 38.Rxh7 Rc1 39.g5 Rc4 40.h4 Rc1 41.h5  1-0

[Event "Zvenigorodskaya Open A"]
[Site "Zvenigorod RUS"]
[Date "2008.09.26"]
[Round "3"]
[White "Korobkov,P"]
[Black "Amonatov,F"]
[Result "0-1"]
[WhiteElo "2516"]
[BlackElo "2650"]

1.d4 Nf6 2.Bg5 Ne4 3.Bf4 c5 4.f3 Nf6 5.dxc5 Qa5+ 6.Qd2 Qxc5 7.e4 d6 8.Be3 Qc7
9.Nc3 a6 10.O-O-O e6 11.g4 Nc6 12.g5 Nd7 13.h4 b5 14.h5 Nce5 15.Rh3 Bb7 16.a3 Nb6
17.g6 Nbc4 18.gxf7+ Qxf7 19.Bxc4 Nxc4 20.Qd3 Be7 21.Bd4 O-O 22.Kb1 Rad8 23.Rg3 Bf6
24.h6 g6 25.Nh3 d5 26.exd5 Bxd5 27.Nf4 Bxd4 28.Nxg6 hxg6 29.Rxg6+ Kh8 30.Qxd4+ e5
31.Qg1 Bxf3 32.Rxd8 Rxd8 33.Qg5 Rg8 34.Rxg8+ Qxg8 35.Qf6+ Kh7 36.b3 Nxa3+
37.Kb2 Nxc2 38.Qe7+ Kxh6 39.Kxc2 Qh7+ 40.Qxh7+ Kxh7 41.b4 Kg6 42.Kd3 Kf5
43.Ke3 Bc6 44.Nb1 Ke6 45.Nc3 Kd6 46.Kd3 Kc7 47.Nd1 Kb6 48.Ne3 a5 49.Ng4 e4+
50.Kc3 a4 51.Ne3 Kc7 52.Nc2 Kd6 53.Kd4 Ke6 54.Na3 Kf5  0-1

[Event "17th CRO-chT 1b"]
[Site "Sibenik CRO"]
[Date "2008.09.30"]
[Round "4"]
[White "Bosiocic,Mari"]
[Black "Fercec,N"]
[Result "1-0"]
[WhiteElo "2540"]
[BlackElo "2486"]

1.d4 Nf6 2.Bg5 Ne4 3.Bf4 c5 4.f3 Qa5+ 5.c3 Nf6 6.d5 Qb6 7.e4 Qxb2 8.Nd2 Qxc3
9.Bc7 d6 10.Rb1 Nfd7 11.Bb5 g6 12.Ne2 Qf6 13.Nc4 Bg7 14.e5 Qg5 15.O-O dxe5
16.f4 Qh5 17.Rb3 a6 18.Bxd7+ Bxd7 19.Nb6 Bg4 20.Re1 Nd7 21.Nxa8 O-O 22.Nb6 Nxb6
23.Bxb6 exf4 24.Bxc5 Rd8 25.Nxf4 Bxd1 26.Nxh5 Bxh5 27.Rxb7 h6 28.Rbxe7 g5
29.d6 Bf8 30.d7  1-0

[Event "ch-Commonwealth"]
[Site "Nagpur IND"]
[Date "2008.10.01"]
[Round "5"]
[White "Jugele,A"]
[Black "Anwesh,U"]
[Result "0-1"]
[WhiteElo "1904"]
[BlackElo "2189"]

1.d4 Nf6 2.Bg5 Ne4 3.Bf4 d5 4.Nd2 Nf6 5.Ngf3 c5 6.e3 Nc6 7.c3 Qb6 8.Qb3 c4
9.Qc2 Bg4 10.b3 cxb3 11.Qxb3 Qxb3 12.axb3 a6 13.Ne5 Nxe5 14.Bxe5 Nd7 15.Bg3 e6
16.Bd3 Rc8 17.Rc1 Ba3 18.Rc2 Be7 19.O-O O-O 20.Ra1 Bh5 21.Rcc1 Rfd8 22.b4 Bg6
23.Bxg6 hxg6 24.Nb3 Nb6 25.Nc5 Bxc5 26.bxc5 Nc4 27.Rcb1 Rd7 28.Rb4 a5 29.Rb5 Ra8
30.Ra4 Kf8 31.Kf1 Ke8 32.Ke2 Kd8 33.Kd3 Kc8 34.Rb3 Rd8 35.Kc2 Ra7 36.Rb1 Kd7
37.h3 Kc6 38.Rba1 Rda8 39.Bf4 b5 40.cxb6 Nxb6 41.R4a2 Nc4 42.Kd3 Rb7 43.e4 Ra6
44.Bc1 Rab6 45.f3 Rb1 46.Rxb1 Rxb1 47.Kc2 Rb8 48.Kd3 Rb7 49.Kc2 Kb5 50.Ra1 Ka6
51.Ra2 Rc7 52.Kd3 Rc8 53.Kc2 Kb5 54.Kd3 Ra8 55.Kc2 Ra7 56.Ra1 Rc7 57.Rb1+ Ka6
58.Ra1 Rc6 59.Kd3 Rc8 60.Ra2 Kb5 61.Kc2 a4 62.Ra1 Na5 63.Ba3 Nb3 64.Rd1 Kc4
65.Kb2 Rb8 66.Kc2 Na5 67.Ra1 Nb3 68.Rd1 Rb7 69.Bf8 Ra7 70.Ba3 Ra8 71.Rb1 Re8
72.Rd1 e5 73.dxe5 dxe4 74.f4 g5 75.Re1 f5 76.exf6 gxf6 77.fxg5 fxg5 78.g3 e3
79.h4 g4 80.Bd6 Rd8 81.Ba3 Rd2+ 82.Kb1 e2 83.Bc1 Nxc1 84.Kxc1 Kd3 85.h5 a3  0-1

[Event "1st WMSG Blitz Ind w"]
[Site "Beijing CHN"]
[Date "2008.10.04"]
[Round "2"]
[White "Hoang Thanh Trang"]
[Black "Zdebskaja,N"]
[Result "1-0"]
[WhiteElo "2483"]
[BlackElo "2419"]

1.d4 Nf6 2.Bg5 Ne4 3.Bf4 c5 4.f3 Qa5+ 5.c3 Nf6 6.Nd2 cxd4 7.Nb3 Qb6 8.Qxd4 Nc6
9.Qxb6 axb6 10.Nd4 e5 11.Nxc6 exf4 12.Nd4 Bc5 13.g3 Bxd4 14.cxd4 Ra4 15.gxf4 Nd5
16.Kf2 Rxd4 17.Nh3 Nxf4 18.Nxf4 Rxf4 19.Rg1 O-O 20.e4 Rh4 21.Kg3 Rh6 22.Bc4 d6
23.Bd5 Re8 24.Rac1 Be6 25.Rgd1 Rg6+ 26.Kf4 h5 27.Rc2 Rf6+ 28.Ke3 Rxf3+ 29.Kxf3 Bg4+
30.Kf4 Bxd1 31.Rc7 Re5 32.Rxb7 g5+ 33.Ke3 Bg4 34.Bxf7+ Kf8 35.Bd5 Be6 36.Bxe6 Rxe6
37.Rxb6 g4 38.a4 Rf6 39.a5 Rf3+ 40.Kd4 Rf1 41.Rb3 Ra1 42.Ra3 Rd1+ 43.Ke3 Rc1
44.a6 Rc8 45.a7 Ra8 46.b4 h4 47.b5 g3 48.hxg3 h3 49.b6 h2 50.Ra1 Ke7 51.b7 Rxa7
52.Rxa7 h1=Q 53.b8=Q+ Ke6 54.Qe8+ Kf6 55.Rf7+  1-0

[Event "1st WMSG Blitz Ind w"]
[Site "Beijing CHN"]
[Date "2008.10.04"]
[Round "11"]
[White "Golubenko,Valen"]
[Black "Zenyuk,I"]
[Result "0-1"]
[WhiteElo "2273"]
[BlackElo "2237"]

1.d4 Nf6 2.Bg5 Ne4 3.Bf4 e6 4.Nd2 Nxd2 5.Qxd2 d5 6.Nf3 Nd7 7.g3 Be7 8.Bg2 O-O
9.O-O c5 10.c3 b6 11.Ne5 Nxe5 12.dxe5 Bb7 13.Qc2 f6 14.Rad1 fxe5 15.Bxe5 Bf6
16.Bxf6 Qxf6 17.e4 dxe4 18.Bxe4 Bxe4 19.Qxe4 Rad8 20.f4 Qf5 21.Qe3 Rd5 22.Rfe1 Rfd8
23.Rxd5 exd5 24.Qe7 Qd7 25.Qg5 h6 26.Qe5 d4 27.Rd1 d3 28.Rd2 c4 29.Qe4 b5
30.f5 Re8 31.Qf3 Re1+ 32.Kg2 Qe7 33.Qf2 Re2 34.Rxe2 dxe2 35.Qe1 Qe3 36.b3 Kf7
37.bxc4 bxc4 38.h4 h5 39.a4 Kf6 40.a5 Kxf5 41.Qf2+ Ke4 42.Qe1 Kd3 43.Qb1+ Kxc3
44.Qe1+ Qd2 45.Qa1+ Kd3 46.Qb1+ Qc2 47.Qxc2+ Kxc2 48.Kf2 Kd1 49.Kf3 e1=Q  0-1

[Event "1st WMSG Rapid Ind w"]
[Site "Beijing CHN"]
[Date "2008.10.05"]
[Round "2"]
[White "Hoang Thanh Trang"]
[Black "Zawadzka,J"]
[Result "1-0"]
[WhiteElo "2483"]
[BlackElo "2378"]

1.d4 Nf6 2.Bg5 Ne4 3.Bf4 d5 4.e3 e6 5.Bd3 Nf6 6.Nf3 c5 7.c3 Nc6 8.Nbd2 Be7
9.O-O O-O 10.h3 b6 11.Qe2 Bb7 12.Rfd1 Re8 13.Rac1 Rc8 14.Ne5 Nxe5 15.dxe5 Nd7
16.c4 Qc7 17.cxd5 Bxd5 18.Be4 Nf8 19.Bxd5 exd5 20.e6 Qc6 21.exf7+ Kxf7 22.Qh5+ g6
23.Qf3 Kg8 24.Nb3 Rcd8 25.Nd4 Qd7 26.Ne2 Ne6 27.Qg4 Bf6 28.Nc3 Bxc3 29.Rxc3 Nxf4
30.Qxf4 Rf8 31.Qg3 Qf5 32.Rcd3 Rd7 33.R1d2 c4 34.Rd4 Qb1+ 35.Kh2 b5 36.Qe5 Qxa2
37.Rxd5 Rdf7 38.Rxb5 Qa6 39.Rb8 Qc6 40.f3 Rxb8 41.Qxb8+ Kg7 42.Qe5+ Kh6 43.Rd4 Qf6
44.Qxf6 Rxf6 45.Rxc4 Rb6 46.b4 Rb5 47.Kg3 a5 48.bxa5 Rxa5 49.Rc7 Ra6 50.Kg4 Rb6
51.e4 g5 52.Kf5 Ra6 53.e5 Ra5 54.Kf6 Ra4 55.e6 Rf4+ 56.Ke5 Rf8 57.e7 Re8
58.Ke4  1-0

[Event "Bundesliga 2008-9"]
[Site "Solingen GER"]
[Date "2008.10.05"]
[Round "2"]
[White "Laznicka,V"]
[Black "Werle,J"]
[Result "1-0"]
[WhiteElo "2591"]
[BlackElo "2582"]

1.d4 Nf6 2.Bg5 Ne4 3.Bf4 d5 4.e3 c5 5.Bd3 Nf6 6.c3 Nc6 7.Nd2 e6 8.Ngf3 Be7
9.h3 Qb6 10.Qc2 Bd7 11.O-O Rc8 12.a3 O-O 13.dxc5 Qxc5 14.b4 Qb6 15.c4 a6
16.Rac1 Qa7 17.Qb1 h6 18.e4 dxe4 19.Nxe4 Nxe4 20.Bxe4 b6 21.Rfd1 Rfd8 22.Bd6 Bxd6
23.Rxd6 Be8 24.c5 bxc5 25.bxc5 Rb8 26.Qd3 Rdc8 27.Nd4 Nxd4 28.Qxd4 a5 29.Rc3 Rc7
30.Qe5 Rbc8 31.c6 Qb6 32.Rg3 g6 33.h4  1-0

[Event "Chigorin Memorial"]
[Site "St Petersburg RUS"]
[Date "2008.10.05"]
[Round "3"]
[White "De Luna Butz,A"]
[Black "Lupik,M"]
[Result "1/2-1/2"]
[WhiteElo "1830"]
[BlackElo "2166"]

1.d4 Nf6 2.Bg5 Ne4 3.Bf4 d5 4.e3 Nd7 5.Nd2 Ndf6 6.Bd3 e6 7.f3 Nxd2 8.Qxd2 a6
9.Ne2 c5 10.c4 dxc4 11.Bxc4 b5 12.Bb3 c4 13.Bc2 Nd5 14.O-O Bb4 15.Qc1 h5
16.e4 Nxf4 17.Qxf4 Bd6 18.e5 Be7 19.Rfd1 Bb7 20.Qd2 h4 21.h3 Qb6 22.Kh1 Rd8
23.Qf4 Bc6 24.Nc3 g5 25.Qg4 b4 26.Ne4 b3 27.axb3 cxb3 28.Bb1 a5 29.Nf6+ Bxf6
30.exf6 a4 31.Be4 Bxe4 32.Qxe4 Qb5 33.Rac1 Rh6 34.Rc5 Qb8 35.Rxg5 Rxf6 36.Qc6+ Ke7
37.Qxa4 Qf4 38.Rg4 Qe3 39.Re4 Qf2 40.Qxb3 Rg6 41.Rg4 Rxg4 42.fxg4 Kf8 43.Qc3 Kg8
44.b4 Ra8 45.Qd2 Qxd2 46.Rxd2 Ra1+ 47.Kh2 Rb1 48.d5 exd5 49.Rxd5 Rxb4 50.Rh5 Kg7
51.Rxh4 Rb3 52.Rh5 Kg6 53.Rf5 Ra3 54.Rf3 Ra2 55.Kg3 Rb2 56.h4 Ra2 57.h5+ Kg7
58.Kh3 Ra1 59.g5 Ra4 60.g3 Rb4 61.Rf4 Rb6 62.Kg4 Rb7 63.h6+ Kg8 64.Rf6 Rb4+
65.Rf4 Rb1 66.Re4 Ra1 67.Kf5 Rf1+ 68.Rf4 Ra1 69.Re4 Rf1+ 70.Rf4 Ra1 71.Re4 Rf1+
72.Kg4 Ra1 73.Re8+ Kh7 74.Rf8 Rf1 75.Re8 Ra1 76.Re4  1/2-1/2

[Event "1st WMSG Rapid Ind w"]
[Site "Beijing CHN"]
[Date "2008.10.06"]
[Round "6"]
[White "Hoang Thanh Trang"]
[Black "Gaponenko,I"]
[Result "1/2-1/2"]
[WhiteElo "2483"]
[BlackElo "2473"]

1.d4 Nf6 2.Bg5 Ne4 3.Bf4 c5 4.f3 Qa5+ 5.c3 Nf6 6.d5 e6 7.e4 exd5 8.exd5 d6
9.Na3 Be7 10.Bb5+ Nbd7 11.Ne2 a6 12.Bxd7+ Bxd7 13.O-O O-O 14.Re1 Rfe8 15.Ng3 b5
16.Qd2 h6 17.Rxe7 Rxe7 18.Bxd6 Ree8 19.Bxc5 Re5 20.Qf2 Rxd5 21.Bb6 Qa4 22.Nc2 Qf4
23.Nb4 Rd2 24.Be3 Rxf2 25.Bxf4 Rxb2 26.Bc1 Rxb4 27.cxb4 a5 28.bxa5 Rxa5 29.Bb2 Be6
30.a3 Nd5 31.Ne4 b4 32.axb4 Rxa1+  1/2-1/2

[Event "FSGM October"]
[Site "Budapest HUN"]
[Date "2008.10.06"]
[Round "3"]
[White "Duong The Anh"]
[Black "Kahn,E"]
[Result "1/2-1/2"]
[WhiteElo "2420"]
[BlackElo "2297"]

1.d4 Nf6 2.Bg5 Ne4 3.Bf4 d5 4.e3 c5 5.Bd3 Qb6 6.Bxe4 dxe4 7.Nc3 Qxb2 8.Nge2 Bg4
9.Rb1 Bxe2 10.Nxe2 Qxa2 11.Rxb7 Nd7 12.O-O Qa6 13.Rb1 Qc4 14.Qd2 e6 15.Rb7 Qa6
16.Rbb1 Be7 17.Nc3 O-O 18.Nxe4 Qc6 19.Ng5 cxd4 20.exd4 Bxg5 21.Bxg5 Rfc8
22.Rfc1 Qd5 23.Rb4 h6 24.Bf4 Rc4 25.Rxc4 Qxc4 26.Ra1 a5 27.Ra3 Nf6 28.h3 Ne4
29.Qd3 Qxd3 30.cxd3 Nf6 31.Ra4 Nd5 32.Bd2 Rb8  1/2-1/2

[Event "1st WMSG Rapid Ind w"]
[Site "Beijing CHN"]
[Date "2008.10.07"]
[Round "9"]
[White "Hoang Thanh Trang"]
[Black "Swathi,G"]
[Result "1-0"]
[WhiteElo "2483"]
[BlackElo "2320"]

1.d4 Nf6 2.Bg5 Ne4 3.Bf4 c5 4.f3 Nf6 5.dxc5 Qa5+ 6.Qd2 Qxc5 7.Nc3 d6 8.e4 g6
9.Be3 Qa5 10.Nb5 Qxd2+ 11.Kxd2 Na6 12.Bxa7 Bd7 13.c3 Bg7 14.Be3 O-O 15.Nh3 Rfc8
16.Nf2 Nc5 17.Be2 Be6 18.Nd3 Nxd3 19.Bxd3 Nd7 20.a4 Ne5 21.Nd4 Bd7 22.b3 Nxd3
23.Kxd3 Ra5 24.c4 f5 25.Rac1 Raa8 26.Rhe1 Be5 27.g3 Rf8 28.exf5 gxf5 29.f4 Bf6
30.Nb5 Rac8 31.Bd4 Kf7 32.Bxf6 Kxf6 33.Nc3 e5 34.a5 Be6 35.Nd5+ Bxd5 36.cxd5 h5
37.b4 Rh8 38.Rxc8 Rxc8 39.Ra1 h4 40.b5 hxg3 41.hxg3 Rg8 42.a6 Rxg3+ 43.Ke2 bxa6
44.bxa6 Rg8 45.a7 Ra8 46.Ke3 e4 47.Kd4 Kg6 48.Kc4 Kh5 49.Kb5 Kg4 50.Kc6 Kxf4
51.Kxd6 e3 52.Kc7 e2 53.Kb7 Rd8 54.d6 Ke5 55.Kc7 Ra8 56.d7 Rxa7+ 57.Rxa7 e1=Q
58.d8=Q Qc3+ 59.Kb8  1-0

[Event "1st WMSG Blitz Pair"]
[Site "Beijing CHN"]
[Date "2008.10.08"]
[Round "4"]
[White "Hoang Thanh Trang"]
[Black "Berend,E"]
[Result "0-1"]
[WhiteElo "2483"]
[BlackElo "2328"]

1.d4 Nf6 2.Bg5 Ne4 3.Bf4 c5 4.f3 Qa5+ 5.c3 Nf6 6.Nd2 cxd4 7.Nb3 Qb6 8.Qxd4 Nc6
9.Qxb6 axb6 10.Nd4 e5 11.Nxc6 exf4 12.Nd4 Nd5 13.Nh3 Bc5 14.g3 Ne3 15.Kd2 Nxf1+
16.Rhxf1 fxg3 17.hxg3 O-O 18.Nf4 Bxd4 19.cxd4 d6 20.Nd5 Be6 21.Nc7 Ra4 22.e3 Rc8
23.Rfc1 Bxa2 24.Nb5 Rxc1 25.Rxc1 h5 26.Nxd6 Bd5 27.e4 Be6 28.Ke3 Rb4 29.Rc2 g5
30.d5 Bh3 31.Nxb7 Rb3+ 32.Kf2 g4 33.fxg4 Bxg4 34.Rd2 Rf3+ 35.Kg2 Re3 36.d6 Bd7
37.Rc2 Kf8 38.Nd8 Rxe4 39.Rc7 Be6 40.Nc6 Re2+ 41.Kf3 Rd2 42.Ne5 Rxd6 43.Kf4 Kg7
44.Rb7 Rd4+ 45.Kf3 Rb4 46.Nd3 Rb3 47.Ke3 Bf5 48.Kf4 Bxd3 49.Rd7 Bg6 50.Rd2 b5
51.g4 h4 52.g5 h3 53.Rh2 b4 54.Kg4 Be4 55.Rf2 Bg2  0-1

[Event "1st WMSG Rapid Pair"]
[Site "Beijing CHN"]
[Date "2008.10.09"]
[Round "1"]
[White "Puuska,H"]
[Black "Peng Zhaoqin"]
[Result "0-1"]
[WhiteElo "2008"]
[BlackElo "2455"]

1.d4 Nf6 2.Bg5 Ne4 3.Bf4 d5 4.e3 c6 5.Bd3 Nd7 6.Nd2 Ndf6 7.Ne2 Bf5 8.f3 Nd6
9.Bxd6 Bxd3 10.Bg3 Bg6 11.O-O e6 12.Nf4 Bd6 13.Nxg6 hxg6 14.Bxd6 Qxd6 15.g3 e5
16.c4 O-O-O 17.c5 Qe6 18.b4 exd4 19.exd4 Qe3+ 20.Kg2 Rde8 21.Re1 Rxh2+  0-1

[Event "Chigorin Memorial"]
[Site "St Petersburg RUS"]
[Date "2008.10.11"]
[Round "9"]
[White "De Luna Butz,A"]
[Black "Efremova,D"]
[Result "1-0"]
[WhiteElo "1830"]
[BlackElo "1933"]

1.d4 Nf6 2.Bg5 Ne4 3.Bf4 d5 4.e3 c6 5.f3 Nd6 6.Nd2 f6 7.c4 Nf7 8.Qb3 e5 9.dxe5 fxe5
10.Bg3 Be7 11.Ne2 O-O 12.Nc3 Bg5 13.Bf2 dxc4 14.Bxc4 b5 15.Be2 Nd7 16.Nde4 Be7
17.Rc1 a6 18.O-O Nf6 19.Rfd1 Qc7 20.Nxf6+ gxf6 21.Nd5 Qb7 22.Nxe7+ Qxe7 23.Rxc6 Kh8
24.e4 Nd8 25.Bc5 Qe8 26.Bxf8 Nxc6 27.Bc5 Be6 28.Qa3 b4 29.Qa4 Bd7 30.Bxb4 Nd4
31.Qa3 Nxe2+ 32.Kf2 Nd4 33.Bc5 Nb5 34.Qd3 Be6 35.a4 Rc8 36.axb5 Rxc5 37.bxa6 Bc4
38.Qd8 Rc8 39.Qxf6+ Kg8 40.a7 Bf7 41.Ra1 Ra8 42.Ra6 Qb5 43.Rb6 Qe8 44.Rb7 Rc8
45.b4 Rc2+ 46.Kg3 Rc8 47.b5 Ra8 48.b6  1-0

[Event "Chigorin Memorial"]
[Site "St Petersburg RUS"]
[Date "2008.10.11"]
[Round "9"]
[White "Rozum,I"]
[Black "Yevseev,D"]
[Result "1/2-1/2"]
[WhiteElo "2439"]
[BlackElo "2534"]

1.d4 Nf6 2.Bg5 Ne4 3.Bf4 c5 4.f3 Nf6 5.dxc5 Qa5+ 6.Qd2 Qxc5 7.e4 Nc6 8.c4 g6
9.Be3 Qb4 10.Nc3 Bg7 11.a3 Qa5 12.Bd3 O-O 13.Nge2 e6 14.O-O d5 15.exd5 exd5
16.c5 Ng4 17.b4 Qd8 18.Bg5 f6 19.Bf4 Nge5 20.Rad1 Be6 21.Nb5 d4 22.Nd6 b6
23.Be4 bxc5 24.Nb7 Qe7 25.Nxc5 Rad8 26.Nxe6 Qxe6 27.b5 d3 28.bxc6 dxe2 29.Qxe2 f5
30.Rxd8 Rxd8 31.c7 Qb6+ 32.Kh1 Qxc7 33.Bb1 Qc5 34.Re1 Kh8 35.h3 Nc6 36.Rc1 Nd4
37.Qa6 Qe7 38.Rd1 Re8 39.Qc4 Qf6 40.Ba2 g5 41.Bh2 h6 42.Bg1 Ne2 43.Bf2 Qe5
44.Re1 Qb2 45.Bb3 Qd2 46.Qf7 Rf8 47.Qd5 Nd4 48.Rf1 Nxb3 49.Qxb3 Qe2 50.Kg1 a6
51.Re1 Qb5 52.Qe6 Kh7 53.h4 gxh4 54.Bxh4 Qc5+ 55.Kh1 Qxa3 56.Be7 Qa4 57.g3  1/2-1/2

[Event "XV PRO AM Open"]
[Site "Villa Martelli ARG"]
[Date "2008.10.11"]
[Round "2"]
[White "Quiroga,F"]
[Black "Nejanky,M"]
[Result "1-0"]
[WhiteElo "2335"]
[BlackElo "2127"]

1.d4 Nf6 2.Bg5 Ne4 3.Bf4 g5 4.Bc1 h6 5.f3 Nf6 6.e4 d6 7.Nc3 c6 8.a4 Bg7 9.Be3 Qa5
10.Ne2 Nbd7 11.Nc1 Nf8 12.Nb3 Qc7 13.a5 Ng6 14.Qd2 e6 15.Bd3 e5 16.dxe5 dxe5
17.g3 Bh3 18.Qf2 Qb8 19.O-O-O Be6 20.Nc5 Bc8 21.Bc4 b6 22.Nb3 b5 23.Bd3 Qc7
24.Bc5 Qb8 25.Rd2 Be6 26.Rhd1 Nd7 27.Be2 Bf8 28.Bd6 Bxd6 29.Rxd6 Ne7 30.Nc5 Nxc5
31.Qxc5 a6 32.Qxe5 Rg8 33.f4 gxf4 34.Rxe6 Qxe5 35.Rxe5 fxg3 36.hxg3 Rxg3
37.Bh5 b4 38.Ne2 Rh3 39.Nf4 Rh2 40.Ne6 Rc8 41.Nc5 Rc7 42.Rf1 Ra7 43.Bxf7+  1-0

[Event "1st WMSG Blitz Team w"]
[Site "Beijing CHN"]
[Date "2008.10.13"]
[Round "3"]
[White "Vahtra,T"]
[Black "Van Nies,P"]
[Result "0-1"]
[WhiteElo "1961"]
[BlackElo "2165"]

1.d4 Nf6 2.Bg5 Ne4 3.Bf4 e6 4.Nd2 d5 5.Nxe4 dxe4 6.c4 Nc6 7.f3 Qxd4 8.Qxd4 Nxd4
9.O-O-O Bc5 10.Bxc7 Nc6 11.Bf4 O-O 12.fxe4 e5 13.Bd2 Be6 14.e3 Rfd8 15.Nf3 f6
16.Be2 Nb4 17.a3 Nd3+ 18.Bxd3 Rxd3 19.Ne1 Rd7 20.b4 Be7 21.c5 Rad8 22.Nc2 b6
23.c6 Rc7 24.b5 a6 25.a4 axb5 26.axb5 Bc4 27.Bc3 Bxb5 28.Rxd8+ Bxd8 29.Rd1 Be7
30.Nb4 Bxc6 31.Kb2 Bxe4 32.g3 Kf7 33.Nd5 Rd7  0-1

[Event "1st WMSG Blitz Team"]
[Site "Beijing CHN"]
[Date "2008.10.13"]
[Round "5"]
[White "Martyn,R"]
[Black "Meszaros,Mi"]
[Result "1-0"]
[WhiteElo "2293"]
[BlackElo "2376"]

1.d4 Nf6 2.Bg5 Ne4 3.Bf4 c5 4.f3 Qa5+ 5.c3 Nf6 6.d5 d6 7.e4 g6 8.Qd2 Nbd7
9.Na3 h6 10.h4 Bg7 11.g4 a6 12.Nc4 Qc7 13.a4 b6 14.Bd3 Kf8 15.Ne2 Ne5 16.Nxe5 dxe5
17.Bh2 Ne8 18.Bg1 Nd6 19.b4 Bd7 20.a5 cxb4 21.axb6 bxc3 22.Qxc3 Qxc3+ 23.Nxc3 a5
24.Be3 f5 25.Kd2 Kf7 26.Na4 fxg4 27.Nc5 Bc8 28.fxg4 Bxg4 29.Rhb1 Rab8 30.Rxa5 Bf6
31.b7 Bxh4 32.Be2 Bxe2 33.Kxe2 Bf6 34.Ra6 h5 35.Rab6 h4 36.Nd7 h3 37.Nxb8 Rxb8
38.R6b4 g5 39.Ba7 h2 40.Bxb8  1-0

[Event "1st WMSG Blitz Team"]
[Site "Beijing CHN"]
[Date "2008.10.13"]
[Round "6"]
[White "Martyn,R"]
[Black "Piscopo,P"]
[Result "1-0"]
[WhiteElo "2293"]
[BlackElo "2380"]

1.d4 Nf6 2.Bg5 Ne4 3.Bf4 e6 4.Nd2 Nxd2 5.Qxd2 d5 6.O-O-O Bd6 7.f3 Bxf4 8.Qxf4 Qd6
9.Qg5 O-O 10.e4 f6 11.Qe3 Nd7 12.f4 Qb6 13.Nf3 dxe4 14.Qxe4 c5 15.Bd3 f5
16.Qe3 cxd4 17.Nxd4 Nc5 18.Bc4 Kh8 19.Nb5 Ne4 20.Qxb6 axb6 21.Rhe1 Ra5 22.Rd4 h6
23.Red1 g5 24.Rd8 Kg7 25.Rxf8 Kxf8  1-0

[Event "1st WMSG Blitz Team"]
[Site "Beijing CHN"]
[Date "2008.10.13"]
[Round "11"]
[White "Le Quang Liem"]
[Black "Paragua,M"]
[Result "1-0"]
[WhiteElo "2583"]
[BlackElo "2526"]

1.d4 Nf6 2.Bg5 Ne4 3.Bf4 d5 4.e3 Bf5 5.Bd3 e6 6.Nd2 Nxd2 7.Qxd2 Bxd3 8.Qxd3 Nd7
9.Nf3 Be7 10.O-O O-O 11.c4 c6 12.Rac1 dxc4 13.Qxc4 Nb6 14.Qc2 Rc8 15.Rfd1 Nd5
16.Bg3 Nb4 17.Qb1 Qa5 18.a3 Na6 19.Ne5 Rfd8 20.h3 h6 21.Rc3 Qd5 22.e4 Qa5
23.Rf3 Bf6 24.Nxf7 Rxd4 25.Nxh6+ Kh8 26.e5 Rxd1+ 27.Qxd1 gxh6 28.Rxf6  1-0

[Event "Belgrade Premier League"]
[Site "Belgrade SRB"]
[Date "2008.10.13"]
[Round "9"]
[White "Zmijanac,D"]
[Black "Danilovic,Mili"]
[Result "0-1"]
[WhiteElo "2202"]
[BlackElo "2262"]

1.d4 Nf6 2.Bg5 Ne4 3.Bf4 d5 4.e3 c5 5.Nd2 Nxd2 6.Qxd2 Nc6 7.Nf3 Bg4 8.Ne5 Nxe5
9.Bxe5 a6 10.dxc5 f6 11.Bc3 e5 12.b4 Be7 13.Be2 Be6 14.O-O O-O 15.Rfd1 b6
16.cxb6 Qxb6 17.a3 Rac8 18.Bb2 Rc6 19.Rdc1 Rfc8 20.Bf3 Qb5 21.h3 Qc4 22.Qd1 Bd6
23.e4 dxe4 24.Be2 Qd5 25.c4 Qxd1+ 26.Rxd1 Bxc4 27.Bxc4+ Rxc4 28.Rxd6 Rc2
29.Rb1 Re2 30.Rc1 Rxc1+ 31.Bxc1 Re1+ 32.Kh2 Rxc1 33.Rxa6 Rb1 34.Ra7 Rb3 35.Ra5 Kf7
36.b5 Ke6 37.a4 f5 38.Ra6+ Kd5 39.b6 f4 40.a5 h5 41.Ra7 e3 42.fxe3 fxe3 43.Kg3 Ke4
44.Rc7 h4+ 45.Kxh4 e2 46.Rc1 Rb5 47.Kg3 Ke3 48.b7 Rxb7 49.Ra1 Rd7 50.a6 Rd1
51.Ra3+ Ke4 52.a7 e1=Q+ 53.Kh2 Qg1+ 54.Kg3 Rd8 55.a8=Q+ Rxa8 56.Rxa8 Qe1+
57.Kh2 Ke3 58.Ra3+ Ke2 59.Rg3 Qxg3+ 60.Kxg3 e4 61.h4 e3 62.h5 Kf1 63.Kf4 e2
64.g4 e1=Q  0-1

[Event "1st WMSG Rapid Team"]
[Site "Beijing CHN"]
[Date "2008.10.14"]
[Round "1"]
[White "Martyn,R"]
[Black "Meijers,V"]
[Result "0-1"]
[WhiteElo "2293"]
[BlackElo "2514"]

1.d4 Nf6 2.Bg5 Ne4 3.Bf4 d5 4.e3 e6 5.Bd3 Bd6 6.Bxd6 Qxd6 7.Nd2 Nxd2 8.Qxd2 e5
9.dxe5 Qxe5 10.O-O-O Be6 11.f4 Qd6 12.e4 dxe4 13.Bxe4 Qxd2+ 14.Rxd2 Nc6 15.Nf3 Rd8
16.Ng5 Rxd2 17.Kxd2 Ke7 18.Bxc6 bxc6 19.Re1 Kf6 20.Nxe6 fxe6 21.Re4 Rd8+
22.Ke2 Rb8 23.b3 Rb5 24.Rc4 c5 25.Kd3 Ra5 26.a4 Kf5 27.Ke3 e5 28.fxe5 Kxe5
29.Rg4 Kf6 30.Kd3 h5 31.Rf4+ Ke6 32.Kc4 Ra6 33.Kxc5 g5 34.Rd4 Ra5+ 35.Kc6 Rf5
36.Rd2 h4 37.h3 a5 38.Kxc7 Ke5 39.c4 Ke4 40.Rd5 Rf7+ 41.Kd6 Rg7 42.c5 Rg6+  0-1